[Event "DEN-ch sf4"]
[Site "Svendborg"]
[Date "2024.03.29"]
[Round "4"]
[White "Svendsen, Peter Willer"]
[Black "Skytte, Robert"]
[Result "1/2-1/2"]
[WhiteElo "1898"]
[BlackElo "1744"]
[PlyCount "44"]
[EventDate "2024.03.29"]
[EventType "swiss"]
[EventRounds "7"]
[EventCountry "DEN"]
[SourceTitle "CB16_2024"]
[SourceDate "2024.04.17"]
[SourceVersion "1"]
[SourceVersionDate "2024.04.17"]
[SourceQuality "1"]

1. e4 c5 2. Nc3 Nc6 3. Nf3 Nf6 4. d4 cxd4 5. Nxd4 d6 6. Be2 g6 7. Be3 Bg7 8. h3 0-0 9. 0-0 a6 10. Qd2 Qc7 11. Rad1 b5 12. Nxc6 Qxc6 13. Nd5 Nxd5 14. exd5 Qc7 15. c3 Bb7 16. Rfe1 Rac8 17. Bf1 b4 18. c4 a5 19. Bh6 Rfe8 20. Bxg7 Kxg7 21. Re4 e5 22. Rh4 h5 1/2-1/2

[Event "EU-ch U10 rapid"]
[Site "Terme Catez"]
[Date "2023.09.28"]
[Round "2"]
[White "Skytte, Robert"]
[Black "Beniosev, Daniel"]
[Result "0-1"]
[WhiteElo "1385"]
[BlackElo "1753"]
[PlyCount "90"]
[EventDate "2023.09.28"]
[EventType "swiss (rapid)"]
[EventRounds "9"]
[EventCountry "SLO"]
[SourceTitle "EXT 2024"]
[Source "ChessBase"]
[SourceDate "2023.10.10"]
[SourceVersion "1"]
[SourceVersionDate "2023.10.10"]
[SourceQuality "1"]

1. e4 c5 2. Nf3 e6 3. d4 cxd4 4. Nxd4 a6 5. Nc3 Qc7 6. Be3 Bb4 7. Qd2 Nf6 8. f3 d5 9. Bd3 e5 10. Nb3 d4 11. Bxd4 exd4 12. Nxd4 Nc6 13. Nxc6 Qxc6 14. 0-0 0-0 15. a3 Bc5+ 16. Kh1 Be6 17. e5 Nd7 18. Qg5 h6 19. Qh5 Bd4 20. f4 Bxc3 21. bxc3 Qxc3 22. Rad1 Nc5 23. Rf3 Nxd3 24. cxd3 Qc2 25. Rg3 Bf5 26. Rf1 Qc8 27. Qxh6 Bg6 28. Qh4 Qf5 29. Rh3 f6 30. g4 Qe6 31. f5 Qd5+ 32. Kg1 Qd4+ 33. Kh1 Qd5+ 34. Kg1 Qc5+ 35. Kh1 Be8 36. Qh7+ Kf7 37. e6+ Ke7 38. Qxg7+ Kd8 39. Rhf3 Bc6 40. d4 Qe7 41. Qh6 Bxf3+ 42. Rxf3 Rc8 43. Kg2 Rc2+ 44. Kh3 Qd6 45. Rf4 Qxa3+ 0-1

[Event "DEN-ch G5-2"]
[Site "Svendborg"]
[Date "2023.04.05"]
[Round "1"]
[White "Pedersen, Thomas Vils"]
[Black "Skytte, Robert"]
[Result "1/2-1/2"]
[WhiteElo "2111"]
[BlackElo "1691"]
[PlyCount "36"]
[EventDate "2023.04.05"]
[EventType "swiss"]
[EventRounds "5"]
[EventCountry "DEN"]
[SourceTitle "CBM 213 Extra"]
[Source "ChessBase"]
[SourceDate "2023.05.31"]
[SourceVersion "1"]
[SourceVersionDate "2023.05.31"]
[SourceQuality "1"]

1. d4 d5 2. c4 e6 3. Nf3 c5 4. g3 Nf6 5. Bg2 Nc6 6. 0-0 Be7 7. cxd5 exd5 8. Nc3 0-0 9. Be3 c4 10. Ne5 Bf5 11. b3 Bb4 12. Na4 Nxe5 13. dxe5 Ne4 14. bxc4 dxc4 15. a3 Ba5 16. Rc1 b5 17. Nc5 Nc3 18. Nb7 Qxd1 1/2-1/2

[Event "Walsrode Chessemy op-A"]
[Site "Walsrode"]
[Date "2023.03.11"]
[Round "8"]
[White "Schirmer, Werner"]
[Black "Skytte, Robert"]
[Result "1-0"]
[WhiteElo "1912"]
[BlackElo "1482"]
[PlyCount "69"]
[EventDate "2023.03.04"]
[EventType "swiss"]
[EventRounds "9"]
[EventCountry "GER"]
[SourceTitle "CBM 213 Extra"]
[Source "ChessBase"]
[SourceDate "2023.05.31"]
[SourceVersion "1"]
[SourceVersionDate "2023.05.31"]
[SourceQuality "1"]

1. e4 c6 2. d4 d5 3. exd5 cxd5 4. Bd3 Nc6 5. c3 Nf6 6. Bf4 Bg4 7. Qb3 Qd7 8. Nd2 e6 9. Ngf3 Bd6 10. Bxd6 Qxd6 11. 0-0 0-0 12. Rfe1 Bxf3 13. Nxf3 Qc7 14. Qc2 Rab8 15. Ne5 h6 16. Qe2 a6 17. Ng4 Nxg4 18. Qxg4 b5 19. Re3 Qe7 20. Rae1 Kh8 21. Rg3 Rg8 22. Rh3 Na5 23. Qf4 Qf8 24. Re5 Nc4 25. Reh5 f5 26. Rxh6+ gxh6 27. Rxh6+ Kg7 28. Qg5+ Kf7 29. Qf6+ Ke8 30. Qxe6+ Kd8 31. Qxd5+ Ke8 32. Re6+ Kf7 33. Qxf5+ Kg7 34. Qg6+ Kh8 35. Qh7# 1-0

[Event "Walsrode Chessemy op-A"]
[Site "Walsrode"]
[Date "2023.03.07"]
[Round "4"]
[White "Skytte, Robert"]
[Black "Borkhardt, Arndt"]
[Result "1/2-1/2"]
[WhiteElo "1482"]
[BlackElo "1938"]
[PlyCount "58"]
[EventDate "2023.03.04"]
[EventType "swiss"]
[EventRounds "9"]
[EventCountry "GER"]
[SourceTitle "CBM 213 Extra"]
[Source "ChessBase"]
[SourceDate "2023.05.31"]
[SourceVersion "1"]
[SourceVersionDate "2023.05.31"]
[SourceQuality "1"]

1. e4 e5 2. Nf3 Nc6 3. Bb5 Nf6 4. d3 Bc5 5. 0-0 Nd4 6. Nxd4 Bxd4 7. c3 Bb6 8. Bg5 c6 9. Bc4 h6 10. Bh4 g5 11. Bg3 d6 12. Qb3 Qe7 13. Nd2 Nh5 14. Kh1 Nf4 15. a4 h5 16. a5 Bc7 17. Bxf4 gxf4 18. d4 Rg8 19. dxe5 dxe5 20. Nf3 Rb8 21. Rad1 Be6 22. Bxe6 Qxe6 23. Qxe6+ fxe6 24. g3 Ke7 25. b4 Rbd8 26. Rfe1 Rxd1 27. Rxd1 Rf8 28. Rd3 Rd8 29. Rxd8 Kxd8 1/2-1/2

[Event "Walsrode Chessemy op-A"]
[Site "Walsrode"]
[Date "2023.03.05"]
[Round "2"]
[White "Skytte, Robert"]
[Black "Brockmeyer, Tobias"]
[Result "0-1"]
[WhiteElo "1482"]
[BlackElo "1918"]
[PlyCount "98"]
[EventDate "2023.03.04"]
[EventType "swiss"]
[EventRounds "9"]
[EventCountry "GER"]
[SourceTitle "CBM 213 Extra"]
[Source "ChessBase"]
[SourceDate "2023.05.31"]
[SourceVersion "1"]
[SourceVersionDate "2023.05.31"]
[SourceQuality "1"]

1. e4 e6 2. d4 d5 3. Nd2 c5 4. Ngf3 cxd4 5. Nxd4 Bc5 6. N2b3 Be7 7. Bb5+ Bd7 8. exd5 exd5 9. 0-0 Nf6 10. Re1 0-0 11. Bg5 Re8 12. Bxf6 Bxf6 13. c3 Nc6 14. Nc5 Rxe1+ 15. Qxe1 Nxd4 16. Nxb7 Qc7 17. Bxd7 Qxb7 18. Ba4 Ne6 19. Qd2 d4 20. cxd4 Nxd4 21. Rc1 Rd8 22. Re1 g6 23. Re8+ Rxe8 24. Bxe8 Qe4 25. Ba4 Ne2+ 26. Kf1 Nf4 27. Bc6 Qb1+ 28. Qe1 Qxe1+ 29. Kxe1 Bxb2 30. Kd2 Kg7 31. Ke3 Ne6 32. f3 Kf6 33. h3 Ke5 34. Be8 f6 35. Bf7 Nf4 36. Bg8 h6 37. Kf2 Bd4+ 38. Kg3 Ne2+ 39. Kh2 Kf4 40. Bh7 g5 41. Bd3 Ke3 42. Bc4 h5 43. Bf7 h4 44. Bc4 Kf2 45. Bb5 Nf4 46. a4 Nxg2 47. a5 Nf4 48. Bc6 Ne2 49. a6 Ng1 0-1

[Event "Wch U10"]
[Site "Batumi"]
[Date "2022.09.19"]
[Round "4"]
[White "Skytte, Robert"]
[Black "Gogia, Luka"]
[Result "1/2-1/2"]
[WhiteElo "1616"]
[BlackElo "1148"]
[PlyCount "21"]
[EventDate "2022.09.16"]
[EventType "swiss"]
[EventRounds "11"]
[EventCountry "GEO"]
[SourceTitle "EXT 2023"]
[Source "ChessBase"]
[SourceDate "2022.10.05"]
[SourceVersion "1"]
[SourceVersionDate "2022.10.05"]
[SourceQuality "1"]

1. e4 c5 2. Nf3 e6 3. d4 cxd4 4. Nxd4 a6 5. Nc3 Qc7 6. Bd3 Nf6 7. 0-0 Be7 8. Re1 d6 9. Be3 0-0 10. f3 Nc6 11. Qd2 1/2-1/2

[Event "EU-ch Schools U09"]
[Site "Rhodes"]
[Date "2022.04.28"]
[Round "8"]
[White "Skytte, Robert"]
[Black "Hansen, Patrick Noumedem"]
[Result "1/2-1/2"]
[WhiteElo "1437"]
[BlackElo "1126"]
[PlyCount "104"]
[EventDate "2022.04.21"]
[EventType "swiss"]
[EventRounds "9"]
[EventCountry "GRE"]
[SourceTitle "CBM 208 Extra"]
[Source "ChessBase"]
[SourceDate "2022.07.31"]
[SourceVersion "1"]
[SourceVersionDate "2022.07.31"]
[SourceQuality "1"]

1. d4 c6 2. c4 d5 3. cxd5 cxd5 4. Bf4 Qb6 5. Nc3 e6 6. Qd2 Nc6 7. Nf3 Bb4 8. e3 Nf6 9. Bd3 Bd7 10. 0-0 Ne7 11. a3 Bd6 12. Bxd6 Qxd6 13. Rac1 0-0 14. Ne5 Ng6 15. Bxg6 hxg6 16. Qd3 Rfd8 17. Nb5 Bxb5 18. Qxb5 Qe7 19. Qc5 Re8 20. Qxe7 Rxe7 21. Rc2 Ne8 22. Rfc1 g5 23. Rc8 Rxc8 24. Rxc8 f6 25. Ng6 Rc7 26. Rxe8+ Kf7 27. Re7+ Rxe7 28. Nxe7 Kxe7 29. Kf1 Kd6 30. Ke2 Kc6 31. a4 b5 32. axb5+ Kxb5 33. Kd3 f5 34. g3 g4 35. Kc3 Ka5 36. Kb3 a6 37. Ka3 Kb5 38. b4 a5 39. bxa5 Kxa5 40. Kb3 Kb5 41. Kc3 Ka4 42. Kd3 Kb4 43. Ke2 g5 44. Kf1 Kc3 45. Kg2 Kd3 46. h4 gxh3+ 47. Kxh3 Ke4 48. Kg2 g4 49. Kg1 Kd3 50. Kf1 Kd2 51. Kg2 Ke2 52. Kg1 Ke1 1/2-1/2

[Event "Reinstorf Blitz op"]
[Site "Reinstorf"]
[Date "2022.02.04"]
[Round "3"]
[White "Skytte, Robert"]
[Black "Lalla, Karol"]
[Result "0-1"]
[WhiteElo "1152"]
[BlackElo "1520"]
[PlyCount "112"]
[EventDate "2022.01.29"]
[EventType "swiss (blitz)"]
[EventRounds "9"]
[EventCountry "GER"]
[SourceTitle "CBM 206 Extra"]
[Source "ChessBase"]
[SourceDate "2022.03.31"]
[SourceVersion "1"]
[SourceVersionDate "2022.03.31"]
[SourceQuality "1"]

1. e4 g6 2. d4 c5 3. Nf3 Bg7 4. c3 cxd4 5. cxd4 Qb6 6. d5 Bxb2 7. Bxb2 Qxb2 8. Nbd2 Nf6 9. Bc4 d6 10. 0-0 0-0 11. Rb1 Qa3 12. Rb3 Qa5 13. Rb5 Qc7 14. Qe2 b6 15. Rc1 Ba6 16. Rbb1 Bxc4 17. Rxc4 Qd7 18. Rbc1 Na6 19. Rc6 Nc5 20. Nb3 Nfxe4 21. Nbd4 Rfc8 22. Rxc8+ Rxc8 23. Nd2 Nxd2 24. Qxd2 Ne4 25. Rxc8+ Qxc8 26. Qe3 Qc3 27. h3 Qxe3 28. fxe3 Nc3 29. a3 Nxd5 30. e4 Nc3 31. Nc6 Nxe4 32. Nxe7+ Kf8 33. Nc8 d5 34. Nxa7 d4 35. Kf1 d3 36. Ke1 d2+ 37. Kd1 Ke7 38. Nb5 f5 39. Nd4 Kd6 40. Nf3 Kc5 41. Nxd2 Nxd2 42. Kxd2 Kc4 43. Kc2 b5 44. g3 g5 45. g4 f4 46. Kd2 Kb3 47. Kd3 Kxa3 48. Ke4 b4 49. Kf5 h6 50. Kg6 b3 51. Kxh6 b2 52. Kxg5 b1Q 53. Kxf4 Qg6 54. h4 Qf6+ 55. Kg3 Kb4 56. g5 Qf5 0-1

[Event "Reinstorf op"]
[Site "Reinstorf"]
[Date "2022.01.29"]
[Round "1"]
[White "Skytte, Robert"]
[Black "Borkhardt, Arndt"]
[Result "0-1"]
[WhiteElo "1154"]
[BlackElo "1940"]
[PlyCount "60"]
[EventDate "2022.01.29"]
[EventType "swiss"]
[EventRounds "9"]
[EventCountry "GER"]
[SourceTitle "CBM 206 Extra"]
[Source "ChessBase"]
[SourceDate "2022.03.31"]
[SourceVersion "1"]
[SourceVersionDate "2022.03.31"]
[SourceQuality "1"]

1. e4 e5 2. d4 exd4 3. c3 dxc3 4. Bc4 Nf6 5. Nxc3 Bb4 6. Bxf7+ Kxf7 7. Qb3+ d5 8. Qxb4 Nc6 9. Qb3 Nd4 10. Qd1 dxe4 11. Bf4 c5 12. Nh3 Bxh3 13. gxh3 Nf3+ 14. Ke2 Qxd1+ 15. Raxd1 Nd4+ 16. Kf1 Rad8 17. Bg5 Rhe8 18. Rg1 h6 19. Be3 b6 20. Rg3 g5 21. a3 Nf5 22. Rg2 Rxd1+ 23. Nxd1 Nd5 24. Rg4 Kf6 25. Kg1 Nd4 26. Kh1 Nf3 27. b3 Kf5 28. Nb2 Rd8 29. Nc4 Nf6 30. Kg2 Rd1 0-1

[Event "DEN-ch U10 rapid"]
[Site "Odense"]
[Date "2021.10.01"]
[Round "1"]
[White "Jalving, August"]
[Black "Skytte, Robert"]
[Result "1-0"]
[WhiteElo "1644"]
[BlackElo "1247"]
[PlyCount "61"]
[EventDate "2021.10.01"]
[EventType "swiss"]
[EventRounds "7"]
[EventCountry "DEN"]
[SourceTitle "EXT 2024"]
[Source "ChessBase"]
[SourceDate "2023.10.10"]
[SourceVersion "1"]
[SourceVersionDate "2023.10.10"]
[SourceQuality "1"]

1. e4 c6 2. d4 d5 3. Nc3 dxe4 4. Nxe4 Nf6 5. Nxf6+ gxf6 6. Nf3 Nd7 7. Bf4 Nb6 8. Bd3 Bg4 9. c3 e6 10. Qe2 Qd5 11. Be4 Qa5 12. 0-0 h5 13. b4 Qa4 14. h3 f5 15. Bd3 Nd5 16. Be5 Bxf3 17. Qxf3 Rh6 18. Rfe1 a5 19. bxa5 Qxa5 20. c4 Ne7 21. Reb1 b6 22. Bc7 Qd2 23. Rxb6 Rxa2 24. Rxa2 Qxa2 25. Rb8+ Kd7 26. Rxf8 Kxc7 27. Qf4+ Kd7 28. Qxh6 Qa1+ 29. Bf1 Qxd4 30. Rxf7 h4 31. Qf8 1-0